[Event "VIE-ch U09"]
[Site "Ho Chi Minh City"]
[Date "2014.07.16"]
[Round "6"]
[White "Bui, Huy Vu"]
[Black "Vu, Le Huy"]
[Result "0-1"]
[WhiteElo "1445"]
[BlackElo "1505"]
[PlyCount "38"]
[EventDate "2014.07.13"]
[EventType "swiss"]
[EventRounds "9"]
[EventCountry "VIE"]
[SourceTitle "EXT 2016"]
[Source "ChessBase"]
[SourceDate "2015.10.08"]
[SourceVersion "1"]
[SourceVersionDate "2015.10.08"]
[SourceQuality "1"]

1. d4 d5 2. Bf4 Nc6 3. Nf3 Bg4 4. e3 f6 5. Nc3 e5 6. dxe5 fxe5 7. Bg3 Nf6 8. Be2 e4 9. Ng5 Nh5 10. Bh4 Bxe2 11. Nxe2 Qf6 12. Qd2 0-0-0 13. 0-0-0 Be7 14. Rhe1 h6 15. f4 hxg5 16. fxg5 Qe5 17. Nf4 Ba3 18. Qe2 Qxb2+ 19. Kd2 Bb4# 0-1